LEADER 02590oam 2200613 450 001 9910706826703321 005 20180314084139.0 035 $a(CKB)5470000002459203 035 $a(OCoLC)896810517 035 $a(OCoLC)995470000002459203 035 $a(EXLCZ)995470000002459203 100 $a20141123d1980 ua 0 101 0 $aeng 135 $aurmn||||||||| 181 $ctxt$2rdacontent 182 $cc$2rdamedia 183 $acr$2rdacarrier 200 10$aPreliminary correlation of post-Erie interstadial events (16,000-10,000 radiocarbon years before present), central and eastern Great Lakes region, and Hudson, Champlain, and St. Lawrence Lowlands, United States and Canada /$fby David S. Fullerton 210 1$aWashington :$cUnited States Department of the Interior, Geological Survey,$d19. 215 $a1 online resource (iv, 52 pages) $cillustrations, maps +$e2 plates 225 1 $aGeological Survey professional paper ;$v1089 300 $aTitle from title screen (viewed October 6, 2014). 300 $a"A correlation of glacial and pro glacial lakes, glacial tills, end moraines, and related features from eastern Wisconsin to western Vermont and Quebec." 320 $aIncludes bibliographical references (pages 33-52). 517 $aPreliminary correlation of post-Erie interstadial events 606 $aGeology, Stratigraphic$yQuaternary 606 $aRadioactive dating 606 $aStratigraphic correlation$zCanada 606 $aStratigraphic correlation$zUnited States 606 $aGeology, Stratigraphic$2fast 606 $aQuaternary Geologic Period$2fast 606 $aRadioactive dating$2fast 606 $aStratigraphic correlation$2fast 607 $aCanada$2fast 607 $aUnited States$2fast 615 0$aGeology, Stratigraphic 615 0$aRadioactive dating. 615 0$aStratigraphic correlation 615 0$aStratigraphic correlation 615 7$aGeology, Stratigraphic. 615 7$aQuaternary Geologic Period. 615 7$aRadioactive dating. 615 7$aStratigraphic correlation. 700 $aFullerton$b David S.$01396736 712 02$aGeological Survey (U.S.), 801 0$bCOP 801 1$bCOP 801 2$bOCLCO 801 2$bOCLCF 801 2$bGPO 906 $aBOOK 912 $a9910706826703321 996 $aPreliminary correlation of post-Erie interstadial events (16,000-10,000 radiocarbon years before present), central and eastern Great Lakes region, and Hudson, Champlain, and St. Lawrence Lowlands, United States and Canada$93505111 997 $aUNINA LEADER 01205nam 2200421zu 450 001 9910137577003321 005 20241212220240.0 010 $a9780769548142 010 $a0769548148 035 $a(CKB)3190000000083461 035 $a(SSID)ssj0000818044 035 $a(PQKBManifestationID)12369268 035 $a(PQKBTitleCode)TC0000818044 035 $a(PQKBWorkID)10839398 035 $a(PQKB)11448788 035 $a(NjHacI)993190000000083461 035 $a(EXLCZ)993190000000083461 100 $a20160829d2012 uy 101 0 $aeng 135 $aur||||||||||| 181 $ctxt 182 $cc 183 $acr 200 10$a2012 International Conference on Cyberworlds 210 31$a[Place of publication not identified]$cIEEE$d2012 215 $a1 online resource 300 $aBibliographic Level Mode of Issuance: Monograph 311 08$a9781467327367 311 08$a1467327360 606 $aComputers and civilization$vCongresses 615 0$aComputers and civilization 676 $a303.4834 702 $aieee 801 0$bPQKB 906 $aPROCEEDING 912 $a9910137577003321 996 $a2012 International Conference on Cyberworlds$92500901 997 $aUNINA